000 00537nam a2200181Ia 4500
003 IN-BaIIA
008 211028s9999 xx 000 0 eng d
040 _cIIA Library
080 _a550.3(047.1)
_bADV-9
245 0 _aAdvances in geophysics
_cedited by H. E. Landsberg and J. Van Meighem
260 _aNew York
_bAcademic Press
_c1962
300 _axi, 374p.
650 _aAstronomy and Astrophysics Thesaurus
650 _aGeophysics
_954
700 _aLandsberg, H. E. ed.
_92846
700 _aVan Meighem J., ed.
_93954
942 _cBK
999 _c2175
_d2175